| 000 | 00000nam 2200000za 4500 |
| 001 | 9.801860 |
| 003 | CaOODSP |
| 005 | 20230126161642 |
| 007 | cr ||||||||||| |
| 008 | 160526s2016 quc o f000 0 eng d |
| 020 | |a978-0-660-02818-7 |
| 040 | |aCaOODSP|beng |
| 043 | |an-cn--- |
| 086 | 1 |aEn4-94/9-2015E-PDF |
| 245 | 00|aTank tip 9 on Storage Tank Systems for Petroleum Products and Allied Petroleum Products Regulations |h[electronic resource] : |bwithdrawal and removal of storage tank systems. |
| 246 | 30|aWithdrawal and removal of storage tank systems |
| 260 | |a[Gatineau, Quebec] : |bEnvironment and Climate Change Canada, |cc2016 |
| 300 | |a[3] p. |
| 500 | |aIssued also in French under title: Sachez stocker 9 - Règlement sur les systèmes de stockage de produits pétroliers et de produits apparentés : mise hors service et retrait des systèmes de stockage. |
| 520 | |aUnder the Storage Tank Systems for Petroleum Products and Allied Petroleum Products Regulations, there are specific requirements if you withdraw from service or remove a storage tank system or component. This fact sheet summarizes these requirements. |
| 692 | 07|2gccst|aPetroleum |
| 692 | 07|2gccst|aStorage |
| 710 | 1 |aCanada. |bEnvironment and Climate Change Canada. |
| 775 | 08|tSachez stocker 9 - Règlement sur les systèmes de stockage de produits pétroliers et de produits apparentés |w(CaOODSP)9.801861 |
| 794 | |tTank tip 9 : |w(CaOODSP)9.869039 |
| 856 | 40|qPDF|s2.42 MB|uhttps://publications.gc.ca/collections/collection_2016/eccc/En4-94-9-2015-eng.pdf |